Advancement of learning ; Novum organum ; New atlantis / (Record no. 1109)

MARC details
000 -CABECERA
campo de control de longitud fija 01062nam a2200277 a 4500
005 - FECHA Y HORA DE LA ÚLTIMA TRANSACCIÓN
campo de control 20240924070224.0
008 - ELEMENTOS DE LONGITUD FIJA--INFORMACIÓN GENERAL
campo de control de longitud fija 991125s1990 ea 000 0 eng u
035 ## - NÚMERO DE CONTROL DEL SISTEMA
Número de control de sistema UPN01000001109
049 ## - COLECCIÓN
Colección CG
050 #4 - SIGNATURA TOPOGRÁFICA DE LA BIBLIOTECA DEL CONGRESO
Número de clasificación AC1
Número de documento/Ítem G7 1990 v.28
100 1# - ASIENTO PRINCIPAL--NOMBRE PERSONAL
Nombre de persona Bacon, Francis,
Títulos y otros términos asociados al nombre Barón de Verulam, Vizconde de St. Albans,
Fechas asociadas al nombre 1561-1626
245 10 - MENCIÓN DE TÍTULO
Título Advancement of learning ; Novum organum ; New atlantis /
Mención de responsabilidad, etc. Sir Francis Bacon.
250 ## - MENCIÓN DE EDICIÓN
Mención de edición 2a ed.
260 ## - PUBLICACIÓN, DISTRIBUCIÓN, ETC.
Lugar de publicación, distribución, etc. Chicago, E.U.A :
Nombre del editor, distribuidor, etc. Encyclopaedia Britannica,
Fecha de publicación, distribución, etc. 1990.
300 ## - DESCRIPCIÓN FÍSICA
Extensión xii, 697 p.
440 #0 - MENCIÓN DE SERIE/ASIENTO SECUNDARIO--TÍTULO
Título Great books of the western world ;
Designación de volumen o secuencia 28
500 ## - NOTA GENERAL
Nota general Biografía: p. xi, 219, 589
501 ## - NOTA DE "CON"
Nota de “Con” Con: Rules for the direction of the mind ; discourse on the method ; meditations on first philosophy ; objections against the meditations and replies ; the geometry / René Descartes
650 #4 - ASIENTO SECUNDARIO DE MATERIA - TERMINO TEMATICO
Término de materia o nombre geográfico como elemento de entrada Ciencia
Subdivisión general Metodología
9 (RLIN) 5804
650 #2 - ASIENTO SECUNDARIO DE MATERIA - TERMINO TEMATICO
Término de materia o nombre geográfico como elemento de entrada Ciencia
Subdivisión de forma Colecciones
9 (RLIN) 9879
650 #4 - ASIENTO SECUNDARIO DE MATERIA - TERMINO TEMATICO
Término de materia o nombre geográfico como elemento de entrada Ética
9 (RLIN) 12720
650 #4 - ASIENTO SECUNDARIO DE MATERIA - TERMINO TEMATICO
Término de materia o nombre geográfico como elemento de entrada Filosofía
9 (RLIN) 5327
650 #4 - ASIENTO SECUNDARIO DE MATERIA - TERMINO TEMATICO
Término de materia o nombre geográfico como elemento de entrada Lógica
9 (RLIN) 6206
700 1# - ASIENTO SECUNDARIO--NOMBRE DE PERSONAL
Nombre de persona Descartes, René,
Fechas asociadas al nombre 1596-1650
905 ## - TIPO DE MATERIAL
Tipo de material Libro
Holdings
Estado de retiro Estado de pérdida Fuente del sistema de clasificación o colocación Estado dañado No para préstamo Código de colección Localización permanente Ubicación/localización actual Ubicación en estantería Fecha de adquisición Clasificación Código de barras Fecha visto por última vez Número de copia Tipo de ítem Koha
    Library of Congress Classification   Disponible (Préstamo en sala) Consulta Bib. Gregorio Torres Quintero Bib. Gregorio Torres Quintero Sala de lectura Sótano 30/06/2023 AC1 G7 1990 v.28 159956 31/12/2020 1 Libro